Normal view
MARC view
Entry Personal Name
001 - CONTROL NUMBER
- control field: 28472
003 - CONTROL NUMBER IDENTIFIER
- control field: ARRUPE
005 - DATE AND TIME OF LATEST TRANSACTION
- control field: 20170124123441.0
008 - FIXED-LENGTH DATA ELEMENTS
- fixed length control field: 170124|| aca||aabn | a|a d
040 ## - CATALOGING SOURCE
- Original cataloging agency: ARRUPE
- Transcribing agency: ARRUPE
100 ## - HEADING--PERSONAL NAME
- Personal name: Milne, A. A.
- Fuller form of name: (Alan Alexander),
- Dates associated with a name: 1882-1956
- General subdivision: Winnie the pooh
670 ## - SOURCE DATA FOUND
- Source citation: Work cat.: (ARRUPE)0: Crews, Frederick C. 28471, The Pooh perplex,, 1963.